Prognostické práce
Sociálno-ekonomická dimenzia globálnych zmien, manažment, priestorové plánovanie, koevolúcia inštitucionálnej a technologickej zmeny. Teoretické, metodologické a koncepčné problémy prognózovania vývoja slovenskej spoločnosti v národnom i svetovom kontexte.
Guardado en:
| Formato: | Seriadas |
|---|---|
| Lenguaje: | eslovaco inglés alemán |
| Publicado: |
Bratislava
Prognostický ústav – CSPV SAV
|
| Materias: | |
| Etiquetas: |
Sin Etiquetas, Sea el primero en etiquetar este registro!
|
MARC
| LEADER | 00000nls a2200000 4500 | ||
|---|---|---|---|
| 001 | 0237092 | ||
| 005 | 20241025110327.8 | ||
| 022 | |a 1338-3590 | ||
| 022 | |a 1337-9666 | ||
| 041 | 0 | |a slo | |
| 041 | 0 | |a eng | |
| 041 | 0 | |a ger | |
| 044 | |a SK | ||
| 245 | 1 | 0 | |a Prognostické práce |
| 264 | 1 | |a Bratislava |b Prognostický ústav – CSPV SAV | |
| 520 | |a Sociálno-ekonomická dimenzia globálnych zmien, manažment, priestorové plánovanie, koevolúcia inštitucionálnej a technologickej zmeny. Teoretické, metodologické a koncepčné problémy prognózovania vývoja slovenskej spoločnosti v národnom i svetovom kontexte. | ||
| 610 | 2 | 0 | |a vývoj hospodársky |
| 610 | 2 | 0 | |a prognózy hospodárske |
| 610 | 2 | 0 | |a informácie sociálno-ekonomické |